Studying leadership: traditional & critical approaches

Saved in:
Bibliographic Details
Main Author: SCHEDLITZKI, Doris
Format: Book
Language:English
Published: Sage Publications, 2014.
Tags: Add Tag
No Tags, Be the first to tag this record!

MARC

LEADER 00000nam a22000007a 4500
008 210419b ||||| |||| 00| 0 eng d
020 |a 978-1-4462-0797-0 
100 |a SCHEDLITZKI, Doris. 
245 |a Studying leadership:   |b traditional & critical approaches  |c Doris Schedlitzki & Gareth Edwards  |g xxii, 340p 
260 |b Sage Publications,   |c 2014.  |h Los Angeles:   |i 691952   |i 691953  |l HD57.7 .Sch2  |m Leadership. 
500 |a “It includes references and index” 
942 |a lcc  |c BK  |e Adeniran F. A  |f 19/04/2021 
952 |0 0  |1 0  |2 lcc  |4 0  |6 HD00577 S C H2  |7 0  |9 2199  |a HOL  |b MPL  |c GJ  |d 2021-04-19  |l 0  |o HD57.7 .Sch2  |p 2021-6053  |r 2021-04-19 00:00:00  |w 2021-04-19  |y BK 
952 |0 0  |1 0  |2 lcc  |4 0  |6 HD00577 S C H2  |7 0  |9 2200  |a HOL  |b HOL  |c GJ  |d 2021-04-19  |l 0  |o HD57.7 .Sch2  |p 2021-6054  |r 2021-04-19 00:00:00  |w 2021-04-19  |y BK 
999 |c 1147  |d 1147